| 000 | 00516nam a22001697a 4500 | ||
|---|---|---|---|
| 005 | 20250223173922.0 | ||
| 008 | 250223b |||||||| |||| 00| 0 eng d | ||
| 020 | _a9780721679716 | ||
| 050 |
_aRL71 _b.L64 |
||
| 100 | _aLookingbill, Donald P. | ||
| 245 |
_aPrinciples of Dermatology/ _cDonald P. Lookingbill & James G. Marks |
||
| 250 | _a3rd ed. | ||
| 260 |
_aPhiladelphia _bW. B. Saunders Company _c2000 |
||
| 300 |
_axi. 367p. _bill. some color _c25.5cm |
||
| 700 | _aMarks, James G. | ||
| 942 |
_2lcc _cBK _e3rd ed. _n0 |
||
| 999 |
_c4220 _d4220 |
||